Statistics for Персоналии истории России XVII-XX веков по портрету

Click here to take the quiz!

General Stats

  • This quiz has been taken 126 times
    (38 since last reset)
  • The average score is 9 of 50

Answer Stats

Answer% Correct
Максим Горький
100%
Иван Степанович Конев
100%
Александр Ильич Ульянов
100%
Сергей Геннадиевич Нечаев
100%
Лев Николаевич Толстой
100%
Владимир Иванович Истомин
100%
Сергей Михайлович Эйзенштейн
100%
Владимир Владимирович Маяковский
100%
Федор Иванович Тютчев
100%
Александр Исаевич Солженицын
100%
Николай Васильевич Гоголь
100%
Федор Михайлович Достоевский
100%
Андрей Иванович Остерман
100%
Юрий Алексеевич Гагарин
100%
Борис Петрович Шереметев
100%
Семен Константинович Тимошенко
100%
Михаил Илларионович Голенищев-Кутузов
100%
Лев Давыдович Троцкий
100%
Григорий Ефимович Распутин
100%
Сергей Александрович Есенин
88%
Владимир Семенович Высоцкий
83%
Александр Сергеевич Пушкин
83%
Емельян Иванович Пугачев
80%
Анна Андреевна Ахматова
80%
Константин Константинович Рокоссовский
75%
Александр Васильевич Суворов-Рымникский
67%
Петр Иванович Багратион
67%
Иван Петрович Павлов
67%
Тихон
67%
Василий Иванович Чапаев
67%
Иван Андреевич Крылов
67%
Александр Васильевич Колчак
67%
Владимир Ильич Ульянов-Ленин
67%
Марина Ивановна Цветаева
67%
Иосиф Виссарионович Джугашвили-Сталин
60%
Борис Леонидович Пастернак
60%
Александр Александрович Блок
60%
Алексей Федорович Орлов
50%
Феликс Феликсович Юсупов
50%
Павел Степанович Нахимов
50%
Николай Михайлович Карамзин
50%
Николай Иванович Ежов
50%
Сергей Иванович Муравьев-Апостол
50%
Алексей Петрович Ермолов
50%
Дмитрий Владимирович Каракозов
50%
Николай Владимирович Рузский
50%
Александр Сергеевич Грибоедов
50%
Алексей Григорьевич Орлов-Чесменский
50%
Денис Васильевич Давыдов
50%
Алексей Алексеевич Брусилов
50%
Степан Андреевич Бандера
50%
Георгий Константинович Жуков
50%
Павел Петрович Скоропадский
50%
Афанасий Афанасьевич Фет
50%
Иван Степанович Мазепа
50%
Александр Трифонович Твардовский
50%
Вячеслав Константинович Плеве
50%
Михаил Васильевич Ломоносов
50%
Петр Яковлевич Чаадаев
50%
Михаил Юрьевич Лермонтов
50%
Николай Христианович Бунге
50%
Валентина Владимировна Терешкова
50%
Климент Ефремович Ворошилов
50%
Александр Данилович Меншиков
50%
Лавр Георгиевич Корнилов
50%
Михаил Иванович Глинка
40%
Александр Федорович Керенский
40%
Михаил Иванович Калинин
33%
Григорий Евсеевич Зиновьев
33%
Муслим Магометович Магомаев
33%
Дмитрий Андреевич Толстой
33%
Леонид Осипович Утесов
33%
Любовь Петровна Орлова
33%
Анастас Иванович Микоян
33%
Андрей Дмитриевич Сахаров
33%
Василий Иванович Суриков
33%
Карл Петрович Брюллов
33%
Георгий Васильевич Чичерин
33%
Николай Николаевич Раевский
33%
Николай Иванович Бухарин
33%
Михаил Михайлович Сперанский
33%
Сергей Васильевич Рахманинов
33%
Белла Ахатовна Ахмадулина
33%
Константин Петрович Победоносцев
33%
Сергей Павлович Дягилев
33%
Иван Сергеевич Тургенев
33%
Семен Михайлович Буденый
33%
Иван Алексеевич Бунин
33%
Михаил Гордеевич Дроздовский
33%
Федор Федорович Ушаков
33%
Родион Яковлевич Малиновский
33%
Петр Александрович Румянцев-Задунайский
33%
Юлий Осипович Мартов
33%
Павел Васильевич Чичагов
29%
Михаил Афанасьевич Булгаков
25%
Роман Федорович Унгерн-Штенберг
25%
Николай Гаврилович Чернышевский
25%
Михаил Николаевич Тухачевский
25%
Константин Павлович Романов
25%
Петр Григорьевич Каховский
25%
Фанни Ефимовна Каплан
25%
Павел Иванович Пестель
25%
Петр Андреевич Кропоткин
25%
Михаил Андреевич Милорадович
25%
Борис Михайлович Кустодиев
25%
Георгий Васильевич Плеханов
25%
Федор Иванович Шаляпин
25%
Ольга Федоровна Берггольц
25%
Владимир Владимирович Набоков
25%
Сергей Юльевич Витте
25%
Василий Витальевич Шульгин
25%
Виктор Михайлович Чернов
25%
Петр Аркадьевич Столыпин
25%
Модест Петрович Мусоргский
25%
Александр Иванович Куприн
25%
Алексей Андреевич Аракчеев
25%
Игорь Васильевич Курчатов
25%
Адам Ежи Чарторыйский
25%
Петр Андреевич Толстой
25%
Дмитрий Алексеевич Милютин
25%
Николай Алексеевич Некрасов
20%
Эрнст Иоаганн Бирон
20%
Феофан Прокопович
20%
Алексей Григорьевич Разумовский
20%
Константин Эдуардович Циолковский
20%
Алексей Иванович Рыков
20%
Александр Андреевич Безбородко
20%
Яков Виллимович Брюс
20%
Игорь Федорович Стравинский
20%
Кондратий Федорович Рылеев
20%
Дмитрий Дмитриевич Шостакович
20%
Валериан Владимирович Куйбышев
20%
Сергей Миронович Киров
20%
Федор Васильевич Ростопчин
20%
Григорий Михайлович Семенов
20%
Александр Николаевич Радищев
20%
Карл Густав Эмиль Маннергейм
17%
Алексей Васильевич Самсонов
17%
Бурхард Кристоф Миних
17%
Александр Петрович Тормасов
17%
Владимир Митрофанович Пуришкевич
17%
Франц Яковлевич Лефорт
17%
Сергей Павлович Королев
0%
Михаил Александрович Романов
0%
Михаил Тимофеевич Калашников
0%
Сергей Дмитриевич Сазонов
0%
Владимир Александрович Сухомлинов
0%
Александр Петрович Извольский
0%
Петр Николаевич Краснов
0%
Виктор Павлович Ногин
0%
Павел Николаевич Милюков
0%
Лев Борисович Каменев
0%
Михаил Васильевич Алексеев
0%
Николай Иудович Иванов
0%
Павел Карлович Ренненкампф
0%
Николай Николаевич Юденич
0%
Георгий Евгеньевич Львов
0%
Петр Дмитриевич Святополк-Мирский
0%
Петр Петрович Шмидт
0%
Григорий Яковлевич Сокольников
0%
Михаил Владимирович Родзянко
0%
Николай Семенович Чхеидзе
0%
Петр Николаевич Дурново
0%
Александр Иванович Гучков
0%
Генрих Георгиевич Ягода
0%
Яков Михайлович Свердлов
0%
Александр Александрович Дейнека
0%
Алексей Николаевич Толстой
0%
Савва Иванович Мамонтов
0%
Анна Павловна Павлова
0%
Константин Алексеевич Коровин
0%
Михаил Васильевич Нестеров
0%
Юрий Иванович Пименов
0%
Валентин Александрович Серов
0%
Сергей Федорович Бондарчук
0%
Михаил Александрович Врубель
0%
Илья Иванович Машков
0%
Петр Петрович Кончаловский
0%
Казимир Северинович Малевич
0%
Василий Васильевич Кандинский
0%
Александр Николаевич Бенуа
0%
Георгий Николаевич Данелия
0%
Андрей Арсеньевич Тарковский
0%
Кузьма Сергеевич Петров-Водкин
0%
Герман Степанович Титов
0%
Федор Иванович Толбухин
0%
Леонид Александрович Говоров
0%
Николай Герасимович Кузнецов
0%
Александр Михайлович Василевский
0%
Николай Федорович Ватутин
0%
Лев Иванович Яшин
0%
Алексей Архипович Леонов
0%
Сергей Владимирович Михалков
0%
Иосиф Александрович Бродский
0%
Роберт Иванович Рождественский
0%
Евгений Александрович Евтушенко
0%
Булат Шалвович Окуджава
0%
Андрей Андреевич Вознесенский
0%
Эльдар Александрович Рязанов
0%
Леонид Иович Гайдай
0%
Николай Константинович Рерих
0%
Михаил Александрович Шолохов
0%
Феликс Эдмундович Дзержинский
0%
Василий Константинович Блюхер
0%
Лаврентий Павлович Берия
0%
Владимир Николаевич Ламсдорф
0%
Алексей Максимович Каледин
0%
Владимир Осипович Каппель
0%
Юзеф Пилсудский
0%
Симон Васильевич Петлюра
0%
Евгений Карлович Миллер
0%
Серго Орджоникидзе
0%
Иоаким Иоакимович Вацетис
0%
Александр Ильич Егоров
0%
Михаил Васильевич Фрунзе
0%
Петр Николаевич Врангель
0%
Нестор Иванович Махно
0%
Александр Степанович Антонов
0%
Вячеслав Михайлович Молотов
0%
Алексей Григорьевич Стаханов
0%
Федор Кузьмич Сологуб
0%
Александр Николаевич Вертинский
0%
Евгений Иванович Замятин
0%
Константин Михайлович Симонов
0%
Илья Григорьевич Эренбург
0%
Владимир Иванович Немирович-Данченко
0%
Константин Сергеевич Станиславский
0%
Всеволод Эмильевич Мейерхольд
0%
Николай Александрович Бердяев
0%
Андрей Александрович Жданов
0%
Владимир Иванович Вернадский
0%
Павел Александрович Флоренский
0%
Василий Васильевич Розанов
0%
Андрей Януарьевич Вышинский
0%
Анатолий Васильевич Луначарский
0%
Максим Максимович Литвинов
0%
Надежда Константиновна Крупская
0%
Дмитрий Иванович Менделеев
0%
Федор Юрьевич Ромодановский
0%
Зиновий Петрович Рожественский
0%
Григорий Андреевич Спиридов
0%
Василий Иванович Баженов
0%
Матвей Федорович Казаков
0%
Гавриил Романович Державин
0%
Николая Иванович Новиков
0%
Дмитрий Николаевич Сенявин
0%
Самуил Карлович Грейг
0%
Иван Иванович Михельсон
0%
Иван Иванович Бецкой
0%
Александр Ильич Бибиков
0%
Август Понятовский
0%
Николай Васильевич Репнин
0%
Василий Михайлович Долгоруков-Крымский
0%
Осип Михайлович Дерибас
0%
Платон Александрович Зубов
0%
Александр Дмитриевич Ланской
0%
Михаил Михайлович Щербатов
0%
Никита Петрович Панин
0%
Екатерина Романовна Дашкова
0%
Петр Христианович Витгенштейн
0%
Осип Иванович Бове
0%
Джакомо Кваренги
0%
Андрей Никифорович
0%
Матвей Иванович Платов
0%
Надежда Андреевна Дурова
0%
Дмитрий Сергеевич Дохтуров
0%
Михаил Богданович Барклай де Толли
0%
Иоанн Каподистрия
0%
Петр Алексеевич Пален
0%
Николай Семенович Мордвинов
0%
Петр Васильевич Завадовский
0%
Сергей Кузьмич Вязмитинов
0%
Петр Александрович Строганов
0%
Николай Николаевич Новосильцев
0%
Виктор Павлович Кочубей
0%
Леонтий Леонтьевич Беннигсен
0%
Григорий Александрович Потемкин-Таврический
0%
Григорий Григорьевич Орлов
0%
Огюст Монферанн
0%
Михаил Михайлович Голицын
0%
Антиох Кантемир
0%
Василий Никитич Татищев
0%
Витус Ионассен Беринг
0%
Василий Кириллович Тредиаковский
0%
Бартоломео Франческо Растрелли
0%
Стефан Яворский
0%
Иван Алексеевич Долгоруков
0%
Дмитрий Михайлович Голицын
0%
Артемий Петрович Волынский
0%
Василий Владимирович Долгоруков
0%
Алексей Петрович Романов
0%
Павел Иванович Ягужинский
0%
Федор Михайлович Апраксин
0%
Петр Павлович Шафиров
0%
Гавриил Иванович Головкин
0%
Федор Алексеевич Головин
0%
Андрей Иванович Ушаков
0%
Петр Петрович Ласси
0%
Никита Иванович Панин
0%
Федор Григорьевич Волков
0%
Денис Иванович Фонвизин
0%
Федот Иванович Шубин
0%
Захар Григорьевич Чернышев
0%
Виллим Виллимович Фермор
0%
Степан Федорович Апраксин
0%
Петр Семенович Салтыков
0%
Иоганн Герман Лесток
0%
Михаил Матвеевич Херасков
0%
Антон Ульрих Брауншвейгский
0%
Алексей Петрович Сумароков
0%
Кирилл Григорьевич Разумовский
0%
Михаил Илларионович Воронцов
0%
Алексей Петрович Бестужев-Рюмин
0%
Иван Иванович Шувалов
0%
Петр Иванович Шувалов
0%
Александр Иванович Шувалов
0%
Карл Иванович Росси
0%
Константин Николаевич Батюшков
0%
Исаак Ильич Левитан
0%
Сергей Сергеевич Прокофьев
0%
Александр Михайлович Горчаков
0%
Михаил Тариэлович Лорис-Меликов
0%
Николай Алексеевич Милютин
0%
Василий Осипович Ключевский
0%
Александр Николаевич Скрябин
0%
Альфред Гарриевич Шнитке
0%
Никита Моисеевич Зотов
0%
Александр Порфирьевич Бородин
0%
Константин Николаевич Романов
0%
Николай Андреевич Римский-Корсаков
0%
Петр Ильич Чайковский
0%
Велимир Хлебников
0%
Демьян Бедный
0%
Андрей Белый
0%
Николай Степанович Гумилев
0%
Игорь Северянин
0%
Михаил Дмитриевич Скобелев
0%
Александр Агеевич Абаза
0%
Дмитрий Сергеевич Мережковский
0%
Алексей Николаевич Куропаткин
0%
Виктор Михайлович Васнецов
0%
Иван Иванович Шишкин
0%
Илья Ефимович Репин
0%
Василий Васильевич Верещагин
0%
Степан Осипович Макаров
0%
Роман Исидорович Кондратенко
0%
Николай Петрович Линевич
0%
Евно Фишелевич Азеф
0%
Игнатий Иоахимович Гриневицкий
0%
Сергей Васильевич Зубатов
0%
Георгий Аполлонович Гапон
0%
Иван Давыдович Делянов
0%
Николай Карлович Гирс
0%
Петр Бернгардович Струве
0%
Константин Петрович Вышнеградский
0%
Вера Ивановна Засулич
0%
Валерий Яковлевич Брюсов
0%
Осип Эмильевич Мандельштам
0%
Василий Андреевич Жуковский
0%
Александр Христофорович Бенкендорф
0%
Владимир Алексеевич Корнилов
0%
Логин Петрович Гейден
0%
Иван Федорович Паскевич-Эриванский
0%
Иван Иванович Дибич-Забалканский
0%
Карл Васильевич Нессельроде
0%
Сергей Семенович Уваров
0%
Леонтий Васильевич Дубельт
0%
Егор Францевич Канкрин
0%
Петр Маркович Кошка
0%
Павел Дмитриевич Киселев
0%
Михаил Павлович Романов
0%
Вильгельм Карлович Кюхельбекер
0%
Сергей Петрович Трубецкой
0%
Никита Михайлович Муравьев
0%
Евгений Абрамович Баратынский
0%
Петр Андреевич Вяземский
0%
Александр Сергеевич Меншиков
0%
Николай Иванович Пирогов
0%
Зинаида Николаевна Гиппиус
0%
Александр Иванович Герцен
0%
Константин Дмитриевич Бальмонт
0%
Антон Павлович Чехов
0%
Николай Семенович Лесков
0%
Леонид Николаевич Андреев
0%
Иван Константинович Айвазовский
0%
Константин Андреевич Тон
0%
Николай Платонович Огарев
0%
Михаил Васильевич Буташевич-Петрашевский
0%
Николай Владимирович Станкевич
0%
Александр Николаевич Островский
0%
Сергей Михайлович Соловьев
0%
Тимофей Николаевич Грановский
0%
Алексей Степанович Хомяков
0%
Константин Сергеевич Аксаков
0%
Михаил Александрович Бакунин
0%
Виссарион Григорьевич Белинский
0%
Кирилл Афанасьевич Мерецков
0%

Score Distribution

Percentile by Number Answered

Percent of People with Each Score

Your Score History

You have not taken this quiz since the last reset